000 00777nam a2200301Ia 4500
001 Z_2599
003 CHAP
008 220113s1976 xx 000 0 und d
010 _a165659
040 _cCHAP
082 _a581.1 S8
100 _aStreet, H. E.
_9109973
245 _aThe physiology of flowering plants : their growth and development /
_cby H. E. Street and Helgi Opik
260 _aLondon :
_bArnold,
_c1976
300 _a280 p. :
_bilus. ; gráfs.
440 _a
500 _a
503 _a
650 _aFanerógamas
_939416
650 _aFisiología vegetal
_941136
650 _aPlantas
_xCrecimiento I. Opik, Helgi II. t.
_x
_9139590
901 _a581.1 S8
902 _aA
910 _a1976
942 _c1
942 _cc1
999 _c165659
_d165659